000 00840nam0a22002651 4500
001 rc\4331567
005 20250611160101.0
021 _aRU
_bП436-63
035 _a(NLR Aleph) 008270933
090 _a8455677
_c8455677
100 _a20130416d1962 |||y0rusy50 ca
101 0 _arus
102 _aRU
105 _ay z |||||
200 1 _aКоррекция и профилактика близорукости
210 _aОренбург
_cБ. и.
_d1962
215 _a4 с.
_d20
225 1 _aОренбургский областной здравотдел. Областная клиническая больница. Методическое письмо
_v№ 3
700 1 _aГришин
701 1 _aУник
801 0 _aRU
_bNLR
_gpsbo
801 1 _aRU
_bELAR
_2rusmarc
852 _aNLR
_jП16-937
942 _cBOOK
980 _aNB